<?xml version="1.0" encoding="UTF-8"?>
<record
    xmlns:xsi="http://www.w3.org/2001/XMLSchema-instance"
    xsi:schemaLocation="http://www.loc.gov/MARC21/slim http://www.loc.gov/standards/marcxml/schema/MARC21slim.xsd"
    xmlns="http://www.loc.gov/MARC21/slim">

  <leader>01781nam a22002777a 4500</leader>
  <controlfield tag="003">NALT</controlfield>
  <controlfield tag="005">20250124144835.0</controlfield>
  <controlfield tag="008">240208b        th ||||| |||| 00| 0 tha d</controlfield>
  <datafield tag="040" ind1=" " ind2=" ">
    <subfield code="a">NALT</subfield>
  </datafield>
  <datafield tag="090" ind1=" " ind2=" ">
    <subfield code="a">IS 13/2564 126</subfield>
  </datafield>
  <datafield tag="100" ind1="0" ind2=" ">
    <subfield code="9">62929</subfield>
    <subfield code="a">&#xE2D;&#xE18;&#xE34;&#xE20;&#xE31;&#xE17;&#xE23; &#xE1E;&#xE38;&#xE01;&#xE40;&#xE28;&#xE23;&#xE29;&#xE10;&#xE35;</subfield>
  </datafield>
  <datafield tag="245" ind1="1" ind2="0">
    <subfield code="a">&#xE41;&#xE19;&#xE27;&#xE17;&#xE32;&#xE07;&#xE01;&#xE32;&#xE23;&#xE1E;&#xE34;&#xE08;&#xE32;&#xE23;&#xE13;&#xE32;&#xE23;&#xE48;&#xE32;&#xE07;&#xE1E;&#xE23;&#xE30;&#xE23;&#xE32;&#xE0A;&#xE1A;&#xE31;&#xE0D;&#xE0D;&#xE31;&#xE15;&#xE34;&#xE02;&#xE2D;&#xE07;&#xE23;&#xE31;&#xE10;&#xE2A;&#xE20;&#xE32;&#xE40;&#xE01;&#xE35;&#xE48;&#xE22;&#xE27;&#xE01;&#xE31;&#xE1A;&#xE01;&#xE32;&#xE23;&#xE01;&#xE33;&#xE2B;&#xE19;&#xE14;&#xE21;&#xE32;&#xE15;&#xE23;&#xE01;&#xE32;&#xE23;&#xE17;&#xE32;&#xE07;&#xE01;&#xE0E;&#xE2B;&#xE21;&#xE32;&#xE22;&#xE2A;&#xE33;&#xE2B;&#xE23;&#xE31;&#xE1A;&#xE04;&#xE27;&#xE32;&#xE21;&#xE1C;&#xE34;&#xE14;&#xE17;&#xE35;&#xE48;&#xE44;&#xE21;&#xE48;&#xE23;&#xE49;&#xE32;&#xE22;&#xE41;&#xE23;&#xE07;&#xE43;&#xE2B;&#xE49;&#xE2A;&#xE2D;&#xE14;&#xE04;&#xE25;&#xE49;&#xE2D;&#xE07;&#xE01;&#xE31;&#xE1A;&#xE21;&#xE32;&#xE15;&#xE23;&#xE32; 77 &#xE02;&#xE2D;&#xE07;&#xE23;&#xE31;&#xE10;&#xE18;&#xE23;&#xE23;&#xE21;&#xE19;&#xE39;&#xE0D;&#xE41;&#xE2B;&#xE48;&#xE07;&#xE23;&#xE32;&#xE0A;&#xE2D;&#xE32;&#xE13;&#xE32;&#xE08;&#xE31;&#xE01;&#xE23;&#xE44;&#xE17;&#xE22; &#xE1E;&#xE38;&#xE17;&#xE18;&#xE28;&#xE31;&#xE01;&#xE23;&#xE32;&#xE0A; 2560 : </subfield>
    <subfield code="b">&#xE28;&#xE36;&#xE01;&#xE29;&#xE32;&#xE01;&#xE23;&#xE13;&#xE35;&#xE1B;&#xE23;&#xE30;&#xE40;&#xE17;&#xE28;&#xE40;&#xE22;&#xE2D;&#xE23;&#xE21;&#xE19;&#xE35; /</subfield>
    <subfield code="c">&#xE2D;&#xE18;&#xE34;&#xE20;&#xE31;&#xE17;&#xE23; &#xE1E;&#xE38;&#xE01;&#xE40;&#xE28;&#xE23;&#xE29;&#xE10;&#xE35; ; &#xE2A;&#xE16;&#xE32;&#xE1A;&#xE31;&#xE19;&#xE1E;&#xE23;&#xE30;&#xE1B;&#xE01;&#xE40;&#xE01;&#xE25;&#xE49;&#xE32;.</subfield>
  </datafield>
  <datafield tag="260" ind1=" " ind2=" ">
    <subfield code="a">&#xE01;&#xE23;&#xE38;&#xE07;&#xE40;&#xE17;&#xE1E;&#xE2F; :</subfield>
    <subfield code="b">&#xE2A;&#xE16;&#xE32;&#xE1A;&#xE31;&#xE19;&#xE1E;&#xE23;&#xE30;&#xE1B;&#xE01;&#xE40;&#xE01;&#xE25;&#xE49;&#xE32;,</subfield>
    <subfield code="c">2564.</subfield>
  </datafield>
  <datafield tag="300" ind1=" " ind2=" ">
    <subfield code="a">56 &#xE2B;&#xE19;&#xE49;&#xE32; ;</subfield>
    <subfield code="c">29 &#xE0B;&#xE21;.</subfield>
  </datafield>
  <datafield tag="650" ind1=" " ind2="4">
    <subfield code="9">28795</subfield>
    <subfield code="a">&#xE01;&#xE32;&#xE23;&#xE22;&#xE01;&#xE23;&#xE48;&#xE32;&#xE07;&#xE01;&#xE0E;&#xE2B;&#xE21;&#xE32;&#xE22;</subfield>
  </datafield>
  <datafield tag="650" ind1=" " ind2="4">
    <subfield code="9">29813</subfield>
    <subfield code="a">&#xE01;&#xE0E;&#xE2B;&#xE21;&#xE32;&#xE22;&#xE2D;&#xE32;&#xE0D;&#xE32;</subfield>
    <subfield code="z">&#xE44;&#xE17;&#xE22; </subfield>
  </datafield>
  <datafield tag="650" ind1=" " ind2="4">
    <subfield code="9">63119</subfield>
    <subfield code="a">&#xE01;&#xE0E;&#xE2B;&#xE21;&#xE32;&#xE22;&#xE2D;&#xE32;&#xE0D;&#xE32;</subfield>
    <subfield code="z">&#xE40;&#xE22;&#xE2D;&#xE23;&#xE21;&#xE13;&#xE35;</subfield>
  </datafield>
  <datafield tag="650" ind1=" " ind2="0">
    <subfield code="a">&#xE01;&#xE0E;&#xE2B;&#xE21;&#xE32;&#xE22;&#xE40;&#xE1B;&#xE23;&#xE35;&#xE22;&#xE1A;&#xE40;&#xE17;&#xE35;&#xE22;&#xE1A;</subfield>
    <subfield code="9">37681</subfield>
  </datafield>
  <datafield tag="710" ind1="2" ind2=" ">
    <subfield code="9">2339</subfield>
    <subfield code="a">&#xE2A;&#xE16;&#xE32;&#xE1A;&#xE31;&#xE19;&#xE1E;&#xE23;&#xE30;&#xE1B;&#xE01;&#xE40;&#xE01;&#xE25;&#xE49;&#xE32;</subfield>
  </datafield>
  <datafield tag="850" ind1=" " ind2=" ">
    <subfield code="a">NALT</subfield>
  </datafield>
  <datafield tag="942" ind1=" " ind2=" ">
    <subfield code="c">IS</subfield>
    <subfield code="2">local</subfield>
  </datafield>
  <datafield tag="996" ind1=" " ind2=" ">
    <subfield code="a">chunbijaya.r</subfield>
    <subfield code="b">CATSTF	</subfield>
    <subfield code="c">2024-02-08</subfield>
  </datafield>
  <datafield tag="996" ind1=" " ind2=" ">
    <subfield code="a">saiphon.d</subfield>
    <subfield code="b">CATSTF	</subfield>
    <subfield code="c">2024-02-23</subfield>
  </datafield>
  <datafield tag="999" ind1=" " ind2=" ">
    <subfield code="c">104511</subfield>
    <subfield code="d">104511</subfield>
  </datafield>
  <datafield tag="998" ind1=" " ind2=" ">
    <subfield code="j">1020</subfield>
    <subfield code="k"> &#xE19;&#xE32;&#xE07;&#xE08;&#xE33;&#xE40;&#xE23;&#xE35;&#xE22;&#xE07;  &#xE23;&#xE30;&#xE27;&#xE31;&#xE07;&#xE2A;&#xE33;&#xE42;&#xE23;&#xE07;</subfield>
  </datafield>
  <datafield tag="952" ind1=" " ind2=" ">
    <subfield code="0">0</subfield>
    <subfield code="1">0</subfield>
    <subfield code="2">local</subfield>
    <subfield code="4">0</subfield>
    <subfield code="7">0</subfield>
    <subfield code="8">CIS</subfield>
    <subfield code="a">NALT</subfield>
    <subfield code="b">NALT</subfield>
    <subfield code="c">IS</subfield>
    <subfield code="d">2024-02-08</subfield>
    <subfield code="o">IS 13/2564 126</subfield>
    <subfield code="p">3961222437</subfield>
    <subfield code="r">2024-03-06 00:00:00</subfield>
    <subfield code="w">2024-02-08</subfield>
    <subfield code="y">IS</subfield>
  </datafield>
</record>
